| 000 | 01503nam a2200241Ii 4500 | ||
|---|---|---|---|
| 008 | 221202s xx 000 0 und d | ||
| 245 | 0 | _aInternational Migration in Europe | |
| 246 | _aNew Trends and New Methods of Analysis | ||
| 264 |
_bAmsterdam University Press _c2008 |
||
| 300 | _a1 online resource (344 pages) | ||
| 336 |
_atext _btxt _2rdacontent |
||
| 337 |
_acomputer _bc _2rdamedia |
||
| 338 |
_aonline resource _bcr _2rdacarrier |
||
| 520 | _aOver the past twenty years international migration issues have gained a growing importance in public debate in most of the European countries. Public opinions are more and more concerned about the arrival of new immigrants and about the problems of integration processes. International Migration in Europe addresses some of the new aspects of European international migration. Different aspects are considered and different disciplinary perspectives are used in the fifteen chapters. In particular, attention has been devoted to analyse new forms of migration, the evolution of regional patterns, the intergenerational process of migrant integration and the use of special survey in migration studies. | ||
| 653 | _aPopular Science | ||
| 653 | _aWetenschap Algemeen | ||
| 700 | 1 | _aBonifazi, Corrado | |
| 700 | 1 | _aOkólski, Marek | |
| 700 | 1 | _aSchoorl, Jeannette | |
| 700 | 1 | _aSimon, Patrick | |
| 856 | _uhttps://library.oapen.org/bitstream/20.500.12657/35242/1/340088.pdfhttp://library.oapen.org/handle/20.500.12657/35242 | ||
| 942 | _cE-BOOK | ||
| 999 |
_c63400 _d63400 |
||